Principaux ministres sous la présidence de François Hollande - Statistiques

Statistiques générales
  • Ce quiz a été pris 242 fois
  • Le résultat moyen est 17 sur 27
Statistiques - réponses
Membres du gouvernement Nom % Correct
Premier ministre (du 31 mars 2014 au 6 décembre 2016) Manuel Valls
99%
Ministre de l'Intérieur (du 16 mai 2012 au 31 mars 2014) Manuel Valls
99%
Premier ministre (du 15 mai 2012 au 31 mars 2014) Jean-Marc Ayrault
94%
Ministre des Affaires étrangères et du Développement international (du 11 février 2016 au 10 mai 2017) Jean-Marc Ayrault
94%
Premier ministre (du 6 décembre 2016 au 15 mai 2017) Bernard Cazeneuve
93%
Ministre de l'Intérieur (du 2 avril 2014 au 6 décembre 2016) Bernard Cazeneuve
93%
Ministre de l'Economie, de l'Industrie et du Numérique (du 26 août 2014 au 30 août 2016) Emmanuel Macron
82%
Ministre de la Justice, Garde des Sceaux (du 16 mai 2012 au 27 janvier 2016) Christiane Taubira
81%
Ministre de la Défense Jean-Yves Le Drian
81%
Ministre de l'Environnement, de l'Energie et de la Mer (du 2 avril 2014 au 10 mai 2017) Ségolène Royal
79%
Ministre de l'Economie, du Redressement productif et du Numérique (du 31 mars 2014 au 25 août 2014) Arnaud Montebourg
74%
Ministre de l'Education nationale, de l'Enseignement supérieur et de la Recherche (du 26 août 2014 au 17 mai 2017) Najat Vallaud-Belkacem
73%
Ministre de l'Education nationale, de l'Enseignement supérieur et de la Recherche (du 2 avril 2014 au 26 août 2014) Benoît Hamon
69%
Ministre des Affaires étrangères et du Développement international (du 16 mai 2012 au 11 février 2016) Laurent Fabius
66%
Ministre de l'Economie et des Finances (du 30 août 2016 au 17 mai 2017) Michel Sapin
63%
Ministre du Travail, de l'Emploi, de la Formation professionnelle et du Dialogue social (du 16 mai 2012 au 2 avril 2014) Michel Sapin
63%
Ministre des Affaires sociales, de la Santé Marisol Touraine
54%
Ministre du Travail, de l'Emploi, de la Formation professionnelle et du Dialogue social (du 2 septembre 2015 au 10 mai 2017) Myriam El Khomri
50%
Ministre de l'Education nationale (du 16 mai 2012 au 2 avril 2014) Vincent Peillon
48%
Ministre de l'Economie et des Finances (du 16 mai 2012 au 31 mars 2014) Pierre Moscovici
39%
Ministre de la Justice, Garde des Sceaux (du 27 janvier 2016 au 10 mai 2017) Jean-Jacques Urvoas
35%
Ministre de l'Intérieur (du 6 décembre 2016 au 21 avril 2017) Bruno Le Roux
34%
Ministre de l'Ecologie, du Développement durable et de l'Energie (du 21 juin 2012 au 2 juillet 2013) Delphine Batho
32%
Ministre de l'Intérieur (du 21 avril 2017 au 10 mai 2017) Matthias Fekl
29%
Ministre du Travail, de l'Emploi et du Dialogue social (du 2 avril 2014 au 2 septembre 2015) François Rebsamen
24%
Ministre de l'Ecologie, du Développement durable et de l'Energie (du 16 mai 2012 au 18 juin 2012) Nicole Bricq
17%
Ministre de l'Ecologie, du Développement durable et de l'Energie (du 2 juillet 2013 au 2 avril 2014) Philippe Martin
13%
Aucun quiz correspondant
Distribution des résultats
% des personnes avec chaque résultat
Percentile par nombre de réponses
Votre historique - résultats
Vous n’avez pas pris ce quiz